Регионална библиотека "Любен Каравелов" - Русе

Чудната гостенка (Запис номер 142051)

MARC детайли
000 -Лидер
Контролно поле с фиксирана дължина 01299nam a2200325 c 4500
003 - Код на организацията, давaща контролен номер
Контролно поле BLK
005 - Дата и час на последна редакция
Контролно поле 20180422112358.0
008 - Елементи от данни с фиксирана дължина
fixed length control field 180409b bul|||||r ||||||| ||bul||
010 ## - Наследен системен номер
LC control number KNG00148127000
040 ## - Източник на каталожния запис
Идентификатор на билиотеката - собственик на записа BLK
041 ## - Код за език
Код за езика на текст/звукозапис или на отделно заглавие Български
Код за езика КДБФ Български
080 ## - УДК
Текстов определител УДК Българска литература
УДК код - определител по УДК 821.163.2
УДК определител -93-1
УДК - код + определител 821.163.2-93-1
100 1# - Редна дума - Автор
Автор Попова, Мария Д.
Авторска отговорност първи автор
R(LIN) 327546
139 ## - Редно поле
Редна дума Попова, Мария Д.
Авторски знак Попов - П 76
245 10 - Сведения за заглавието
Заглавие Чудната гостенка
Подзаглавни данни Малки поеми : За предучилищна и начална училищна възраст
Редно поле (дума) Мария Д. Попова; худож. Апостол Русчев.
257 ## - Страна на издаване
Страна на създаване/издаване България
260 ## - Област на издателските данни
-- София
Име на издателя, разпространителя и проч. Нар. младеж
Година на издаване 1960
300 ## - Физическа характеристика
Страници 28 с.
Илюстрации и др. с ил.
Размери/Мащаб 17Х24 см
380 ## - Жанр
Жанр Детска худож. лит.
490 1# - СЕРИИ (Колекции)
Име на серия Библиотека Дружинка
№: серия 12
500 ## - Общи забележки
Забележка 15 100 тир.
653 ## - Ключова дума – ненормативна
Ключова дума детска литература
653 ## - Ключова дума – ненормативна
Ключова дума литература за деца
700 1# - Други автори (авторска отговорност)
Лично име Русчев, Апостол
Автороска отговорност (Описва отношението между автора и произведението) худож.
9 (RLIN) 371056
852 ## - Местоположение
Форматна сигнатура Цб І 34913
856 4# - Електронен адрес и достъп
Електронен формат pdf - файл
Път до файла /url/
856 4# - Електронен адрес и достъп
Електронен формат pdf - файл
Път до файла /url/
942 ## - АРТИКУЛИ
Вид на библиотечния материал Книги
Скрит в OPAC Не
944 ## - СЪЗДАВАНЕ И РЕДАКЦИЯ на ЗАПИСА
Създаване/Редакция Създаване
Дата на регистрацията/редакция 01.08.2013
Статус, дата на статуса 01.08.2013 - от С1,Р / 01.08.2013
Служител, извършил регистрацията/редакцията Радинела_Гицова
944 ## - СЪЗДАВАНЕ И РЕДАКЦИЯ на ЗАПИСА
Създаване/Редакция Редакция
Дата на регистрацията/редакция 01.08.2013
Статус, дата на статуса 01.08.2013 - от С1,Р / 01.08.2013
Служител, извършил регистрацията/редакцията
999 ## - СИСТЕМНИ КОНТРОЛНИ НОМЕРА
Koha biblionumber 142051
Koha biblioitemnumber 142051
Наличности
Код за отписване Код за изгубен артикул Източник на класификационната схема Код за повреда Коз за рестрикции Код за отдаване Артикулен № Име на библиотеката - собственик Име на библиотеката, в която се намира в момента Статус (Текущо местоположение) Дата на вписване в системата Местоположение - отдел Цена в лева Инвентарен номер Систематично азбучна сигнатура Баркод Номер на екземпляра Цена в евро Служебна бележка Служебен тип на артикула
  Не е изгубен Universal Decimal Classification Не е повреден без рестрикции ползва се в читалня 234605 Регионална библиотека "Любен Каравелов" Русе Регионална библиотека "Любен Каравелов" Русе Хранилище 1960-01-01 Хранилище 0.13 939/61 Цб І 34913 900000022565 1 0.07 N: стар фонд Дата: 01.01.1960 Книги
Изтеглен Не е изгубен Universal Decimal Classification Не е повреден без рестрикции заемане за дома 234606 Регионална библиотека "Любен Каравелов" Русе Регионална библиотека "Любен Каравелов" Русе Детски отдел 1960-01-01 Детски отдел 1.25 489/61 ДХ 886.7/П 76 489/61 2 0.64 N: стар фонд Дата: 01.01.1960 Дата инв: 18.08.2015 Бележки инв: Д2015 Книги
Vip Innovations Ltd, Rousse, Bulgaria 2025